000 00847cam a2200229 4500
001 ABS65241
008 020409n2002 000 0 eng u
035 _a(Sirsi) u117411
245 _aLicensed and leisure property
260 _c2002
490 _aEstates Gazette
_v Spring 2002, LOAN
520 _aA series of articles looking at the licensed and leisure property market, including table dancing clubs, hotels, restaurants and pubs. Also looks at the European market and the shake up in UK gambling laws. Includes a profile of Robin Hutson, Hotel du Vin.
590 _aABS
650 _aLICENSED PREMISES MARKET
650 _aLEISURE MARKET
650 _aHOTEL MARKET
650 _aRESTAURANTS
650 _aPUBLIC HOUSES
650 _aGAMBLING
690 _aPROPERTY-COMMERCIAL PROPERTY-COMMERCIAL PROPERTY MARKET
942 _n0
999 _c69944
_d69944